| 000 | 00453nam a2200181Ia 4500 | ||
|---|---|---|---|
| 005 | 20250508162319.0 | ||
| 008 | 008 250505s9999 xx 000 0 eng d | ||
| 037 | _aTextual | ||
| 040 |
_aFEDL _beng _cFEDL |
||
| 041 |
_aeng _2eng |
||
| 084 |
_a510, MAL _qFEDL |
||
| 100 | _aMalhotra O P | ||
| 245 | 0 | _aPure mathematics | |
| 300 | _axvi,562p. | ||
| 700 |
_a Gupta S K _9772826 |
||
| 942 |
_cTEXL _h510, MAL |
||
| 999 |
_c1375782 _d1375782 |
||